Myths And Legends - Statistics

General Stats
  • This quiz has been taken 110 times
  • The average score is 9 of 15
Answer Stats
Hint Answer % Correct
Fire Breathing Monster Dragon
100%
A Horse With A Horn On Its Head Unicorn
89%
Vampire From Transylvania Dracula
88%
The King Of The Norse Gods Odin
84%
Half Bull Half Man Creature From Crete Minotaur
82%
Arabian Spirit Who Lives In A Lamp Genie
81%
Roman Goddess Of Love Venus
69%
A Fairy Like Woman Who Wails A Lot When Someone Is About To Die Banshee
66%
Board That Allows People To Speak To The Dead Ouija Board
54%
The Saint Who Slayed The Dragon St George
53%
Beowulf's Enemy Grendel
39%
Irish Little People Who Have Gold In Pots At The Ends Of Rainbows Leprechauns
39%
Hindu Goddess That Had 12 Avatars Each For Different Situations Vishnu
35%
Mermaid Like Creature Of The North Sea Selkie
16%
The Creator God In The Aboriginal Myths Rainbow Snake
7%
No matching quizzes found
Score Distribution
Percent of People with Each Score
Percentile by Number Answered
Your Score History
You have not taken this quiz